Normal view
MARC view
Entry Término cronológico
001 - NÚMERO DE CONTROL
- campo de control: 28955
003 - IDENTIFICADOR DEL NÚMERO DE CONTROL
- campo de control: FranzMayer
005 - FECHA Y HORA DE LA ÚLTIMA TRANSACCIÓN
- campo de control: 20230724130444.0
008 - DATOS DE LONGITUD FIJA
- campo de control de longitud fija: 230724|| aca||aabn | a|a d
040 ## - FUENTE DE LA CATALOGACIÓN
- Centro catalogador/agencia de origen: FranzMayer
- Centro/agencia transcriptor: FranzMayer
148 ## - ENCABEZAMIENTO--TÉRMINO CRONOLÓGICO
- Término cronológico: Conquista de Latinoamérica
- Subdivisión de forma: 1535-1810
670 ## - FUENTE DE DATOS ENCONTRADOS
- Cita de la fuente: Work cat.: (FranzMayer)10912: Responsable Sarmiento de Mendoza, Manuel 28953, Conquista dela Nueva España, 1688